=LDR 00000nam 2200000 4500 =001 INLIS000000000030842 =005 20200729012221 =035 ##$$a 0010-061300000030842 =008 200729################g##########0#ind## =041 ##$$a ind =082 ##$$a 2X6.4 =090 ##$$a 2X6.4, Ahm k =100 1#$$a Ahmad, Syaikh nada abu =245 1#$$a Kode etik melamar istri, : $b Bagaimana agar Khitbah sesuai Sunnah /$c Syaikh Nada Abu Ahmad; penerjemah, Nila nur fajariah ; editor Abu hudzaitah =260 ##$$a Solo :$b Kiswah Media,$c 2009 =300 ##$$a 120 hlm, ; $c 14 x 20,5 cm =650 #4$$a Kedudukan wanita dalam Islam =850 ##$$a NBPNMAT =020 ##$$a 978-979-19857-0-3 =084 ##$$a 2X6.4 AHM k =250 ##$$a cet.1 =990 ##$$a 20900819 =990 ##$$a 20900818 =990 ##$$a 20900820 =990 ##$$a 20900818 =990 ##$$a 20900819 =990 ##$$a 20900820